1410 1766 1623 1600 1615 1607 1774 1531 1971 1029 1316 1981 1043 1731 1189 1245 1160 1802 1294 1340 1419 1214 1998 1650 1885 1688 1873 1229 1317 1926 1199 1105 1181 1142 1308 1385 1429 1920 1345 1394 1248 1431 1750 1036 1620 1573 1132 1178 1586 1790 1803 1621 1775 1658 1110 1349 1134 1479 1440 1951 1477 1879 1202 1924 1377 1682 1889 1411 1844 1783 1122 1312 1913 1140 1306 1413 1613 1394 1349 1603 1030 1906 1588 1583 1387 1385 1498 1766 1488 1764 1996 1579 1468 1424 1289 1543 1312 1239 1766 BCNSPRNW ULIB Ver.6.0+V

เปลี่ยนเป็นภาษาไทย

Change to English
 แสดงรายละเอียดบรรณานุกรม
  กลับหน้าหลัก

Brief Record : Get Marc (ISO 2709) : E-mail record : QR code < ปิดหน้าต่าง
LEADER : 00000nam 2200000uu 4500
001    13399120040
003     ULIB
008    120822s2554||||th 000 0 tha d
020    ^a9789741115549
060  4 ^aWR100^bส482ร
100 0  ^aเพ็ญวดี พัฒนปรีชากุล
245 00 ^aโรคผิวหนังไม่ผิวเผิน =^bSiriraj Dermatology Digest /^cบรรณาธิการ, เพ็ญวดี พัฒนปรีชากุล, สุมนัส บุณยะรัตเวช, วรัญญา บุญชัย,พรรณแข มไหสวริยะ.
250    ^aพิมพ์ครั้งที่ 1.
260    ^aกรุงเทพฯ :^bภาควิชาตจวิทยา คณะแพทยศาสตร์ศิริราชพยาบาล มหาวิทยาลัยมหิดล,^c2554.
300    ^a213 หน้า :^bภาพประกอบ ;^c19 ซ.ม.
650  7 ^aผิวหนัง, โรค
650  7 ^aผิวหนัง^xโรค
700 0  ^aสุมนัส บุณยะรัตเวช,^eบรรณาธิการ
700 0  ^aวรัญญา บุญชัย,^eบรรณาธิการ
700 0  ^aพรรณแข มไหสวริยะ,^eบรรณาธิการ
710 2  ^aมหาวิทยาลัยมหิดล. คณะแพทยศาสตร์ศิริราชพยาบาล. ภาควิชาตจวิทยา
945    ^p285^l0^i032549
945    ^p285^l0^i032550
945    ^p285^l0^i032551
945    ^p285^l0^i032552
995    ^aเกษร
999 ^a ใช้งานได้ทุกระบบ
รายการนี้ยังไม่มีแท็ก
คุณยังไม่ได้ล็อกอิน คุณสามารถมีกิจกรรมร่วมกับเว็บไซต์ได้ แต่ต้องล็อกอินก่อน ::
  ล็อกอิน

รายการสื่อสารสนเทศ

ลำดับที่ ประเภท เลขเรียก/บาร์โค้ด สถานที่ สถานะ
1. วิทยาศาสตร์การแพทย์ และสุขภาพ
หนังสือสำรอง
สถานะ=หนังสือสำรอง
WR100 ส482ร ฉ.1 
  Barcode: 032549
ห้องสมุดวิทยาเขตสวรรค์ประชารักษ์
►ส่วนจัดเก็บหนังสือเก่า สปร
บนชั้น
  ขอยืม
2. วิทยาศาสตร์การแพทย์ และสุขภาพ
วิทยาศาสตร์การแพทย์ และสุขภาพ
WR100 ส482ร ฉ.2 
  Barcode: 032550
ห้องสมุดวิทยาเขตสวรรค์ประชารักษ์
►ส่วนจัดเก็บหนังสือเก่า สปร
บนชั้น
  ขอยืม
3. วิทยาศาสตร์การแพทย์ และสุขภาพ
วิทยาศาสตร์การแพทย์ และสุขภาพ
WR100 ส482ร ฉ.3 
  Barcode: 032551
ห้องสมุดวิทยาเขตสวรรค์ประชารักษ์
►ส่วนจัดเก็บหนังสือเก่า สปร
บนชั้น
  ขอยืม
4. วิทยาศาสตร์การแพทย์ และสุขภาพ
วิทยาศาสตร์การแพทย์ และสุขภาพ
WR100 ส482ร ฉ.4 
  Barcode: 032552
ห้องสมุดวิทยาเขตสวรรค์ประชารักษ์
►ส่วนจัดเก็บหนังสือเก่า สปร
บนชั้น
  ขอยืม

รายการใกล้เคียง
    ผู้แต่ง [เพ็ญวดี พัฒนปรีชากุล]

    หัวเรื่อง [ผิวหนัง, โรค]

BibComment


ยังไม่เคยถูกคอมเมนท์

คอมเมนท์ทรัพยากรรายการนี้
  คอมเมนท์: โรคผิวหนังไม่ผิว..


 Copyright 2026. Bcnsprnw @Library